000 00394nam a2200169Ia 4500
008 221030s9999 xx 000 0 und d
020 _a8172247524
041 _aEnglish
082 _a105.23
100 _aH. H. Crosby
245 0 _aBetter Spelling in 30 Minutes A Day
260 _bJaico Pub.
_aMumbai
_c2005
300 _a185
650 _aEnglish
700 _aR. W. Emery
942 _cBK
999 _c5829
_d5829